| 000 | 00547nam a2200193 4500 | ||
|---|---|---|---|
| 003 | SEACOMEC | ||
| 005 | 20240417145418.0 | ||
| 008 | 231007b |||||||| |||| 00| 0 eng d | ||
| 040 | _aSEACOMEC | ||
| 082 |
_a629.13 _bF831 |
||
| 100 | 1 | _aFranklin, Gene F. | |
| 245 | 1 |
_aFeedback control of dynamic systems _cGene F. Franklin, J. David Powell and Abbas Emami-Naeini |
|
| 250 | _a4th ed. | ||
| 260 |
_aDelhi _bPearson _c2005 |
||
| 650 |
_aEngineering _vAeronautics |
||
| 700 | 1 | _aPowell, J. David | |
| 700 | 1 | _aEmami-Naeini, Abbas | |
| 942 | _cBOOK | ||
| 999 |
_c209 _d209 |
||